| 000 | 00577nmc a2200241 a 4500 | ||
|---|---|---|---|
| 003 | AR-BaBNM | ||
| 005 | 20251128204305.0 | ||
| 008 | 237019s1994 ||||||||||||||000 | spa|| | ||
| 020 | _a950-843-056-7 | ||
| 040 | _cAR-BaBNM | ||
| 100 | 1 | _aRanea, Eduardo | |
| 245 | 1 | 0 | _aIntrospección |
| 260 |
_aBuenos Aires _bVinciguerra _c1994 |
||
| 300 | _a122 p. | ||
| 490 | 0 | _aLas voces populares | |
| 650 | 4 | _aLITERATURA ARGENTINA | |
| 650 | 4 | _aPOESIA | |
| 650 | 4 | _aESCRITORES | |
| 650 | 4 | _aCOSTUMBRES Y TRADICIONES | |
| 655 | _aLITERATURA | ||
| 942 | _cBK | ||
| 998 | _cMARTIN | ||
| 999 |
_c6885 _d6885 |
||